[Event "ARG-ch Amateur U2000"]
[Site "San Martin"]
[Date "2019.11.17"]
[Round "6.2"]
[White "Avila, Pablo"]
[Black "Duran, Cesar"]
[Result "0-1"]
[WhiteElo "1988"]
[BlackElo "1976"]
[PlyCount "126"]
[EventDate "2019.11.15"]
[EventType "swiss"]
[EventRounds "8"]
[EventCountry "ARG"]
[SourceTitle "EXT 2024"]
[Source "ChessBase"]
[SourceDate "2023.10.10"]
[SourceVersion "1"]
[SourceVersionDate "2023.10.10"]
[SourceQuality "1"]

1. e4 c5 2. Nc3 Nc6 3. Bb5 Nd4 4. a4 e6 5. f4 Ne7 6. Nf3 a6 7. Be2 d5 8. e5 Nxe2 9. Nxe2 h5 10. 0-0 Nf5 11. d3 h4 12. c3 Bd7 13. d4 c4 14. a5 b5 15. axb6 Qxb6 16. g4 hxg3 17. hxg3 Be7 18. Kg2 0-0-0 19. Bd2 Kb7 20. Qc2 Ka7 21. Rfb1 Rb8 22. Nc1 Bb5 23. Ne2 Qc6 24. Rh1 Rbg8 25. Rxh8 Rxh8 26. Rh1 Rxh1 27. Kxh1 Qe8 28. Kg2 Qh8 29. Qd1 Kb6 30. Nc1 Qh5 31. Ne2 Ka7 32. Kf2 Qh3 33. Qg1 Ba4 34. Qh2 Qxh2+ 35. Nxh2 Bc2 36. Nf1 Kb6 37. Ne3 Nxe3 38. Kxe3 Kb5 39. Bc1 Ka4 40. Kd2 Bf5 41. Ng1 Kb3 42. Nf3 a5 43. Nh2 a4 44. Nf1 Bd8 45. Ne3 Be4 46. Ng4 Ba5 47. Nf2 Bg6 48. g4 a3 49. bxa3 Bxc3+ 50. Kd1 Bc2+ 51. Ke2 Bxd4 52. Nh3 Bd3+ 53. Kd2 Bc5 54. Ng5 Bg6 55. f5 exf5 56. gxf5 Bxf5 57. Nxf7 d4 58. Nd8 c3+ 59. Kd1 d3 60. Nb7 Bb6 61. Nd6 Bg4+ 62. Ke1 Kc2 63. Ne4 Kxc1 0-1

[Event "Monteros U2300 op"]
[Site "Monteros"]
[Date "2019.05.26"]
[Round "5"]
[White "Duran, Cesar"]
[Black "Torres, Fernando"]
[Result "1/2-1/2"]
[WhiteElo "1909"]
[BlackElo "2148"]
[PlyCount "120"]
[EventDate "2019.05.25"]
[EventType "swiss"]
[EventRounds "6"]
[EventCountry "ARG"]
[SourceTitle "CBM 190 Extra"]
[Source "ChessBase"]
[SourceDate "2019.07.15"]
[SourceVersion "1"]
[SourceVersionDate "2019.07.15"]
[SourceQuality "1"]

1. d4 Nf6 2. Nf3 b5 3. a4 b4 4. c4 e6 5. b3 Bb7 6. e3 Be7 7. Be2 0-0 8. 0-0 c5 9. Bb2 d5 10. Nbd2 Nc6 11. Rc1 cxd4 12. Nxd4 Na5 13. cxd5 Bxd5 14. Nc4 Rc8 15. Nxa5 Qxa5 16. Rxc8 Rxc8 17. f3 Bb7 18. e4 Bc5 19. Kh1 a6 20. Bc4 Rd8 21. Qa1 Be7 22. Rd1 Qh5 23. Ne2 Qa5 24. Rxd8+ Qxd8 25. Qc1 Qc7 26. Bd4 h6 27. Bg1 Nd7 28. Bd4 Bd6 29. h3 Be5 30. Be3 Nb6 31. Bd3 Qd8 32. Qc2 Nd7 33. Bc4 Nb8 34. Qd3 Qc8 35. Bb6 Nd7 36. Be3 Bb8 37. Qc2 Ne5 38. Bd3 Qd7 39. Nc1 g5 40. Be2 Nc6 41. Qd1 Qc7 42. Bg1 Na5 43. Qd2 Nc6 44. Bd1 a5 45. Be2 Ne7 46. Bc4 Ng6 47. Nd3 Bc6 48. Qc2 Be8 49. Qc1 Nh4 50. Qc2 Bd7 51. Nc5 Bc8 52. Nd3 Ba6 53. Nb2 Bxc4 54. Nxc4 Ba7 55. Bxa7 Qxa7 56. Qd2 Kg7 57. Qe3 Qd7 58. Qd2 Qa7 59. Qe3 Qd7 60. Qd2 Qa7 1/2-1/2

[Event "Monteros U2300 op"]
[Site "Monteros"]
[Date "2019.05.25"]
[Round "1"]
[White "Belmonte, Dulce"]
[Black "Duran, Cesar"]
[Result "0-1"]
[WhiteElo "1634"]
[BlackElo "1909"]
[PlyCount "191"]
[EventDate "2019.05.25"]
[EventType "swiss"]
[EventRounds "6"]
[EventCountry "ARG"]
[SourceTitle "CBM 190 Extra"]
[Source "ChessBase"]
[SourceDate "2019.07.15"]
[SourceVersion "1"]
[SourceVersionDate "2019.07.15"]
[SourceQuality "1"]

1. d4 c5 2. d5 e6 3. c4 exd5 4. cxd5 Nf6 5. Nc3 d6 6. e4 Be7 7. Bd3 0-0 8. h3 a6 9. a4 Re8 10. Nf3 Bf8 11. 0-0 Nbd7 12. Bf4 c4 13. Bc2 Nc5 14. Qd4 Nb3 15. Bxb3 cxb3 16. Qb4 h6 17. Rfe1 Nh5 18. Bh2 Qf6 19. Qxb3 Bxh3 20. Re3 Bg4 21. Ne2 Bxf3 22. Rxf3 Qh4 23. Qxb7 Nf6 24. Rf4 Qh5 25. Ng3 Qg6 26. Qb4 Rab8 27. Qd4 a5 28. Rc1 Rb4 29. Rc4 Reb8 30. e5 Rxc4 31. Qxc4 dxe5 32. Rf3 Rxb2 33. Nf1 Rb4 34. Qc6 Ng4 35. Qd7 Nxh2 36. Kxh2 e4 37. Rc3 Qd6+ 38. Qxd6 Bxd6+ 39. g3 Kf8 40. Ne3 g6 41. Nc4 Ke7 42. Nxa5 Rxa4 43. Nc4 Rb4 44. Na5 Rb2 45. Kg2 f5 46. Nc4 Ra2 47. Rb3 Ra7 48. Rb6 Rd7 49. Ra6 g5 50. Ra8 Bc7 51. Rh8 Rxd5 52. Rxh6 f4 53. gxf4 gxf4 54. Rg6 Rh5 55. Nd2 Re5 56. Nc4 Re6 57. Rg7+ Kd8 58. Rg8+ Kd7 59. Rg5 e3 60. fxe3 fxe3 61. Rd5+ Kc6 62. Rd1 e2 63. Re1 Kc5 64. Kf3 Kxc4 65. Rxe2 Rf6+ 66. Kg4 Kd5 67. Rd2+ Ke6 68. Rc2 Bd6 69. Ra2 Rf4+ 70. Kg5 Rf3 71. Ra4 Rf8 72. Kg4 Rf7 73. Rc4 Be5 74. Ra4 Kd5 75. Ra5+ Ke4 76. Ra4+ Bd4 77. Ra5 Rf4+ 78. Kg5 Rf2 79. Kg6 Rg2+ 80. Rg5 Rf2 81. Ra5 Be5 82. Rb5 Rg2+ 83. Kf7 Kf5 84. Rb3 Rg7+ 85. Kf8 Ra7 86. Rb6 Bf6 87. Rc6 Kg6 88. Re6 Ra8+ 89. Re8 Bg7+ 90. Ke7 Ra6 91. Kd7 Kf5 92. Re2 Be5 93. Rf2+ Ke4 94. Re2+ Kd4 95. Rc2 Ra7+ 96. Rc7 0-1